Planning the urban region (Record no. 508388)

MARC details
000 -LEADER
fixed length control field 00716nam a2200253Ia 4500
003 - CONTROL NUMBER IDENTIFIER
control field OSt
005 - DATE AND TIME OF LATEST TRANSACTION
control field 20220925184632.0
008 - FIXED-LENGTH DATA ELEMENTS--GENERAL INFORMATION
fixed length control field 220923b |||||||| |||| 00| 0 eng d
020 ## - INTERNATIONAL STANDARD BOOK NUMBER
International Standard Book Number 0817300899
037 ## - SOURCE OF ACQUISITION
Terms of availability General Book
040 ## - CATALOGING SOURCE
Original cataloging agency RTL
Transcribing agency RTL
Language of cataloging eng
041 ## - LANGUAGE CODE
Source of code eng
Language code of text/sound track or separate title eng
100 ## - MAIN ENTRY--PERSONAL NAME
Personal name Self Peter
9 (RLIN) 120921
245 #0 - TITLE STATEMENT
Title Planning the urban region
Remainder of title A comparative study of
260 ## - PUBLICATION, DISTRIBUTION, ETC.
Place of publication, distribution, etc. Alabama
Name of publisher, distributor, etc. University of Alabama Press
Date of publication, distribution, etc. 1982
300 ## - PHYSICAL DESCRIPTION
Extent viii,174p Bibliography 164-168
Dimensions cm.
500 ## - GENERAL NOTE
General note Notes 154-163
650 ## - SUBJECT ADDED ENTRY--TOPICAL TERM
Topical term or geographic name entry element Fine Arts
9 (RLIN) 34717
942 ## - ADDED ENTRY ELEMENTS (KOHA)
Classification part NB,5, M2
Koha item type General Books
Source of classification or shelving scheme Colon Classification (CC)

No items available.

Copyright @ Delhi University Library System